00373 2200157 4500001002100000005001500021035002000036245003200056100001700088300002600105260002800131082000800159084001400167020002200181990001200203INLIS00000000000297220250917023020 a0010-09250003191 aSaranghaeyo /cKarumi Iyagi0 aKarumi Iyagi a204 hlm ;c13 x 19 cm aJakarta :bZettu,c2015 a813 a813 KAR s a978-602-1982-90-7 a0755661